000 00238 a2200109 4500
245 _aA history of the arab peoples
_hText
020 _a0674395654
100 _aAlbert Hourani
650 _aHistory
005 20191017173357.0
260 _c1991
084 _aDS37.7.67
999 _c10174
_d10174